000 00449nam a22001577a 4500
005 20240109131155.0
008 220616b ||||| |||| 00| 0 eng d
020 _a97815-43346-21-3
041 _aeng
100 _aAHIRRAD, DR. R. A LOVHARE Mr. R.B , ESHI MR. R.B AND DEORE DR. S.R
_98352
245 _aNEW APPROACH TO BIOCHEMISTRY AND CLINICAL PHATHOLOGY
260 _bS.VIKASH AND COMPANY
300 _a182;p
650 _aPHARMACY
942 _cBK
999 _c8008
_d8006